[Event "IIFL WEALTH VI Mumbai Open 2021"]
[Site "Mumbai"]
[Date "2022.01.05"]
[Round "7.5"]
[White "Ruturaj Rushikesh Dhotre"]
[Black "Bajaj Prakhar"]
[Result "1-0"]
[WhiteElo "1547"]
[BlackElo "1663"]
[Annotator "NA"]
[PlyCount "111"]
[EventDate "2021.12.30"]
[EventType "swiss"]
[EventCountry "IND"]
[SourceTitle "playchess.com"]
[Source "ChessBase"]
[SourceQuality "1"]
[TimeControl "5400+30"]

1. e4 {[%emt 0:00:08]} c5 {[%emt 0:01:05]} 2. Nf3 {[%emt 0:00:05]} d6 {[%emt 0:00:25]} 3. d4 {[%emt 0:00:06]} cxd4 {[%emt 0:00:27]} 4. Nxd4 {[%emt 0:00:08]} Nf6 {[%emt 0:00:25]} 5. Nc3 {[%emt 0:00:06]} Nc6 {[%emt 0:00:34]} 6. Bg5 {[%emt 0:02:40]} e6 {[%emt 0:01:50]} 7. Be2 {[%emt 0:01:40]} Be7 {[%emt 0:07:46]} 8. Qd2 {[%emt 0:06:10]} Nxe4 {[%emt 0:20:53]} 9. Nxe4 {[%emt 0:00:11]} Bxg5 {[%emt 0:00:04]} 10. Nxg5 {[%emt 0:01:30]} Nxd4 {[%emt 0:00:14]} 11. Qxd4 {[%emt 0:00:25]} Qxg5 {[%emt 0:00:03]} 12. Qxd6 {[%emt 0:00:38]} Bd7 {[%emt 0:08:14]} 13. Bf3 {[%emt 0:10:30]} O-O-O {[%emt 0:14:11]} 14. O-O {[%emt 0:00:36]} Bc6 {[%emt 0:01:43]} 15. Qa3 {[%emt 0:00:57]} Bxf3 {[%emt 0:01:23]} 16. Qxf3 {[%emt 0:00:08]} Qf6 {[%emt 0:11:23]} 17. Qb3 {[%emt 0:07:45]} Rd6 {[%emt 0:05:09]} 18. a4 {[%emt 0:04:50]} Rb6 {[%emt 0:05:26]} 19. Qe3 {[%emt 0:04:44]} Kb8 {[%emt 0:02:19]} 20. a5 {[%emt 0:04:30]} Rxb2 {[%emt 0:02:14]} 21. a6 {[%emt 0:00:40]} Rd8 {[%emt 0:03:42]} 22. axb7 {[%emt 0:00:20]} Rxb7 {[%emt 0:00:17]} 23. Rfb1 {[%emt 0:01:48]} Qd4 {[%emt 0:01:46]} 24. Rxb7+ {[%emt 0:03:51]} Kxb7 {[%emt 0:00:01]} 25. Rb1+ {[%emt 0:00:11]} Kc7 {[%emt 0:07:19]} 26. Qf3 {[%emt 0:00:02]} Rd7 {[%emt 0:01:25]} 27. Qg3+ {[%emt 0:03:42]} Qd6 {[%emt 0:01:41]} 28. Qc3+ {[%emt 0:01:39]} Kd8 {[%emt 0:00:18]} 29. h3 {[%emt 0:00:25]} f6 {[%emt 0:00:30]} 30. Qf3 {[%emt 0:00:19]} Ke8 {[%emt 0:01:36]} 31. c4 {[%emt 0:01:11]} Kf8 {[%emt 0:00:52]} 32. Qh5 {[%emt 0:00:48]} g6 33. Qh6+ {[%emt 0:00:12]} Kg8 {[%emt 0:00:43]} 34. c5 {[%emt 0:00:21]} Qf8 {[%emt 0:00:56]} 35. Qe3 {[%emt 0:00:15]} Qe7 {[%emt 0:00:25]} 36. Qh6 {[%emt 0:01:16]} Qf8 {[%emt 0:00:11]} 37. Qe3 {[%emt 0:00:11]} Qe7 {[%emt 0:00:20]} 38. Qh6 {[%emt 0:05:11]} Rb7 {[%emt 0:00:28]} 39. Rc1 Rc7 {[%emt 0:00:00]} 40. Qe3 {[%emt 0:02:43]} Rc6 {[%emt 0:00:13]} 41. Qd4 Kg7 42. f4 {[%emt 0:03:16]} a5 {[%emt 0:00:42]} 43. Kh1 {[%emt 0:00:37]} Qa7 {[%emt 0:01:01]} 44. g4 {[%emt 0:01:14]} Qb7 {[%emt 0:01:06]} 45. Kg1 Qc7 {[%emt 0:01:05]} 46. g5 {[%emt 0:00:38]} e5 {[%emt 0:00:32]} 47. gxf6+ Kxf6 48. fxe5+ {[%emt 0:02:47]} Ke7 {[%emt 0:00:30]} 49. Qh4+ {[%emt 0:00:13]} Ke8 {[%emt 0:00:36]} 50. Qd4 {[%emt 0:00:23]} Qd7 {[%emt 0:00:29]} 51. Qe4 {[%emt 0:00:03]} Ke7 {[%emt 0:00:50]} 52. Rc2 {[%emt 0:05:29]} Qd1+ {[%emt 0:00:32]} 53. Kh2 {[%emt 0:00:07]} Qd7 {[%emt 0:00:32]} 54. Rf2 {[%emt 0:03:38]} Qc7 {[%emt 0:00:32]} 55. Qf4 {[%emt 0:00:58]} Rxc5 {[%emt 0:00:23]} 56. Qf7+ {[%emt 0:00:14]} 1-0

[Event "IIFL WEALTH VI Mumbai Open 2021"]
[Site "Mumbai"]
[Date "2022.01.06"]
[Round "8.1"]
[White "Adireddy Arjun"]
[Black "Rachit H Gurnani"]
[Result "1/2-1/2"]
[WhiteElo "1658"]
[BlackElo "1840"]
[Annotator "NA"]
[PlyCount "85"]
[EventDate "2021.12.30"]
[EventType "swiss"]
[EventCountry "IND"]
[SourceTitle "playchess.com"]
[Source "ChessBase"]
[SourceQuality "1"]
[TimeControl "5400+30"]

1. e4 {[%emt 0:00:25]} e5 {[%emt 0:00:27]} 2. Nf3 {[%emt 0:00:06]} Nc6 {[%emt 0:00:07]} 3. Bb5 {[%emt 0:00:05]} a6 {[%emt 0:00:07]} 4. Ba4 {[%emt 0:00:03]} Nf6 {[%emt 0:00:15]} 5. O-O {[%emt 0:00:06]} Be7 {[%emt 0:00:27]} 6. Re1 {[%emt 0:00:11]} b5 {[%emt 0:00:06]} 7. Bb3 {[%emt 0:00:03]} d6 {[%emt 0:00:06]} 8. c3 {[%emt 0:00:05]} O-O {[%emt 0:00:10]} 9. h3 {[%emt 0:00:02]} Na5 {[%emt 0:00:11]} 10. Bc2 {[%emt 0:00:11]} c5 {[%emt 0:00:09]} 11. d4 {[%emt 0:00:03]} Qc7 {[%emt 0:00:03]} 12. Nbd2 {[%emt 0:00:05]} Nc6 {[%emt 0:01:07]} 13. d5 {[%emt 0:00:06]} Nd8 {[%emt 0:00:24]} (13... Na5 $14) 14. a4 {[%emt 0:00:05]} Rb8 {[%emt 0:00:11]} 15. axb5 {[%emt 0:00:06]} axb5 {[%emt 0:00:11]} 16. b4 {[%emt 0:00:07]} Ne8 {[%emt 0:08:15]} 17. bxc5 {[%emt 0:22:33]} dxc5 {[%emt 0:11:00]} 18. c4 {[%emt 0:00:07]} b4 {[%emt 0:08:47]} 19. Qe2 {[%emt 0:03:01]} f6 {[%emt 0:17:52]} 20. Nb3 {[%emt 0:00:35]} Nd6 {[%emt 0:12:22]} 21. Be3 {[%emt 0:01:17]} N8b7 {[%emt 0:02:41]} 22. Ra7 {[%emt 0:00:23]} Nf7 {[%emt 0:00:59]} 23. Rea1 {[%emt 0:01:41]} Bd7 {[%emt 0:04:24]} 24. Ne1 {[%emt 0:01:36]} Qc8 {[%emt 0:02:00]} 25. f3 {[%emt 0:03:41]} Bd8 {[%emt 0:02:55]} 26. R1a6 {[%emt 0:08:05]} f5 {[%emt 0:03:17]} 27. exf5 {[%emt 0:10:09]} Bxf5 {[%emt 0:01:44]} 28. Nd3 {[%emt 0:00:10]} Bg5 {[%emt 0:05:08]} 29. Bxg5 {[%emt 0:09:01]} Nxg5 {[%emt 0:00:02]} 30. Qxe5 {[%emt 0:09:12]} Re8 $2 {[%emt 0:13:54]} (30... Nf7 31. Qg3 Qe8) 31. Qg3 {[%emt 0:02:12]} h6 {[%emt 0:04:26]} (31... Nf7 $142 32. Rb6 Bg6) 32. Rc6 {[%emt 0:02:26]} Qd8 $18 {[%emt 0:00:28]} 33. h4 {[%emt 0:09:53]} Nf7 {[%emt 0:00:36]} 34. Qf4 {[%emt 0:06:11]} Bxd3 {[%emt 0:01:53]} 35. Bxd3 {[%emt 0:00:08]} Ne5 {[%emt 0:00:00]} 36. Bg6 {[%emt 0:02:23]} Nxc6 {[%emt 0:01:11]} 37. Bxe8 {[%emt 0:02:08]} Nxa7 {[%emt 0:00:31]} 38. Qf7+ {[%emt 0:00:46]} Kh7 {[%emt 0:00:31]} 39. Qf5+ {[%emt 0:00:05]} Kh8 {[%emt 0:00:26]} 40. Qf8+ {[%emt 0:00:04]} Kh7 {[%emt 0:00:06]} 41. Qf5+ {[%emt 0:00:03]} Kh8 {[%emt 0:00:17]} 42. Qf8+ Kh7 {[%emt 0:00:09]} 43. Qf5+ {[%emt 0:00:08]} 1/2-1/2

[Event "IIFL WEALTH VI Mumbai Open 2021"]
[Site "Mumbai"]
[Date "2022.01.06"]
[Round "8.2"]
[White "Kulkarni, Vikramaditya"]
[Black "Iyer Arvind"]
[Result "1/2-1/2"]
[WhiteElo "2327"]
[BlackElo "1662"]
[Annotator "TA"]
[PlyCount "161"]
[EventDate "2021.12.30"]
[EventType "swiss"]
[EventCountry "IND"]
[SourceTitle "playchess.com"]
[Source "ChessBase"]
[SourceQuality "1"]

{[%evp 9,161,8,37,0,0,-21,-37,-70,-25,-71,-51,-69,-64,-72,-29,-33,-35,-37,-31,-37,-39,-50,-20,-25,-30,-12,-15,-18,-14,-30,-17,-25,-44,-36,-33,-26,0,22,38,0,0,0,0,0,0,0,0,0,0,-18,-14,-15,-10,-9,-9,-52,-15,-50,-51,-50,0,0,0,0,0,0,0,0,0,0,0,0,0,0,0,0,0,0,0,0,0,0,0,0,414,391,381,363,601,601,469,377,1799,1730,1291,8,8,8,8,0,0,0,0,0,0,0,8,-8,0,0,0,0,0,0,0,0,0,0,0,0,0,0,0,0,0,0,0,0,0,0,0,0,0,0,0,0,0,0,0,0,0,0,0,0,0,0,0,0,0,0,0,0,0,0]} 1. c4 Nf6 2. Nc3 e5 3. e3 d5 4. cxd5 Nxd5 5. Qh5 Qd6 6. Nf3 {A22: English Opening: 1...e5 2 Nc3 Nf6.} (6. f4 $5 {[%cal Rf4e5]}) 6... Nxc3 {[#]} 7. dxc3 $146 ({Predecessor:} 7. bxc3 Nd7 8. Bc4 g6 9. Qh4 Nb6 10. Bb3 Be7 11. Qh6 Bf8 12. Qh4 Be7 13. Qg3 {1-0 (54) Hechl,G (2335)-Oberhofer,C (2238) Austria 2018}) 7... Nd7 8. Ng5 {Black is slightly better.} g6 (8... Qg6 $15 9. Qxg6 hxg6) 9. Qf3 (9. Qe2 $11) 9... f6 10. Ne4 Qc6 11. g4 Bg7 (11... Be7 $17) 12. Bg2 Nc5 13. Nxc5 Qxc5 14. Bd2 c6 15. h4 h6 16. Qe4 f5 17. gxf5 Bxf5 18. Qa4 O-O-O 19. O-O-O Kb8 20. e4 Bg4 ({Resist} 20... Qxf2 21. exf5 Qxg2 22. Rhg1 $14) 21. f3 Be6 22. Rhe1 Rd3 {To avoid Be3} (22... b5 $142 23. Qa6 (23. Be3 $2 Qxe3+ 24. Rxe3 bxa4 $19) 23... Bc8) 23. Kc2 $1 $11 Bc4 24. Bf1 Bb5 25. Qb4 Qxb4 26. cxb4 Rxf3 27. Bxb5 cxb5 28. Bc3 Rc8 $36 {[%mdl 2048] Black has good play.} 29. Rd6 Bf8 30. Rd3 Rxd3 31. Kxd3 {[%mdl 4096] Endgame KRB-KRB} Bg7 32. h5 (32. Rg1 $11 {is more appropriate.} Rc6 33. Ke2) 32... g5 33. Ke3 Kc7 34. Rd1 Rd8 (34... Rf8 $15) 35. Rd5 $1 Rxd5 36. exd5 {KB-KB} Kd6 37. Ke4 g4 {Strongly threatening ...g3.} 38. Be1 b6 39. Bh4 Bh8 40. Bf2 Bf6 41. Bg3 Bg7 42. b3 Bh8 43. Bh4 Bg7 44. a3 Bh8 45. Bf2 Bf6 46. Bg3 a5 $2 {[%mdl 8192]} (46... Bg7 $11 {and Black stays safe.}) 47. bxa5 $1 $18 bxa5 {...a4 is the strong threat.} 48. a4 $1 bxa4 (48... b4 49. Bf2 Be7) 49. bxa4 Bg7 50. Be1 Bf6 $2 (50... Kc5 51. Bxa5 g3) 51. Bxa5 {White threatens Bb6 and mate.} g3 52. Bb6 $2 (52. Bb4+ $18 Kd7 53. Kf3) 52... g2 $1 $11 {The position is equal.} 53. Bg1 {Hoping for a5.} Bd8 54. Be3 Bg5 55. Bg1 {Black must now prevent a5.} Bd2 56. Kd3 Ba5 57. Ke4 Bb4 (57... Bc3 $5 58. Kf3 Kxd5 $11) 58. Bh2 Bc3 59. Kf3 Kxd5 60. Kxg2 Kd4 61. Bg1+ Kd3 62. Bb6 $1 e4 63. a5 {Threatening mate with a6.} e3 $1 {aiming for ...e2.} (63... Bd4 {is a self mate.} 64. Bxd4 Kc2 65. a6 Kd3 {[#]} 66. a7 $1 Kc4 67. a8=Q $1 Kxd4 68. Qh8+ Kd5 69. Qxh6) 64. a6 {Intending a7 and mate.} e2 65. Bf2 {a7 would kill now.} Bd4 {( -> ...Bxf2)} 66. Be1 Kc2 67. Kf3 Kd1 68. Bg3 e1=Q 69. Bxe1 Kxe1 {KB-KPP} 70. Ke4 Ba7 71. Kf5 Ke2 72. Kg6 Be3 73. a7 Bxa7 74. Kxh6 {KB-KP} Bd4 75. Kg6 Kf3 76. h6 Kg4 77. h7 Kf4 78. Kf7 Kg5 79. Kg8 Kg6 80. h8=Q Bxh8 81. Kxh8 {Blacks defense is rewarded with a draw.  Weighted Error Value: White=0.20 (precise) /Black=0.29 (precise)} 1/2-1/2

[Event "IIFL WEALTH VI Mumbai Open 2021"]
[Site "Mumbai"]
[Date "2022.01.06"]
[Round "8.3"]
[White "Krishnan Ritvik"]
[Black "Ruturaj Rushikesh Dhotre"]
[Result "1-0"]
[WhiteElo "1750"]
[BlackElo "1547"]
[Annotator "NA"]
[PlyCount "63"]
[EventDate "2021.12.30"]
[EventType "swiss"]
[EventCountry "IND"]
[SourceTitle "playchess.com"]
[Source "ChessBase"]
[SourceQuality "1"]
[TimeControl "5400+30"]

1. e4 e6 {[%emt 0:00:05]} 2. d3 {[%emt 0:00:49]} d5 {[%emt 0:00:06]} 3. Nd2 {[%emt 0:00:04]} Nf6 {[%emt 0:00:13]} 4. Ngf3 {[%emt 0:00:04]} c5 {[%emt 0:00:12]} 5. g3 {[%emt 0:00:05]} Nc6 {[%emt 0:00:06]} 6. Bg2 {[%emt 0:00:04]} g6 {[%emt 0:00:06]} 7. O-O {[%emt 0:00:06]} Bg7 {[%emt 0:00:04]} 8. Re1 {[%emt 0:00:08]} O-O {[%emt 0:01:49]} 9. c3 {[%emt 0:00:08]} Rb8 {[%emt 0:15:11]} 10. a4 {[%emt 0:11:52]} a6 {[%emt 0:14:14]} 11. Qc2 {[%emt 0:03:38]} b5 {[%emt 0:00:46]} 12. exd5 {[%emt 0:03:05]} exd5 {[%emt 0:01:17]} 13. axb5 {[%emt 0:01:56]} axb5 {[%emt 0:00:33]} 14. Nb3 {[%emt 0:01:18]} c4 {[%emt 0:07:47]} 15. Nbd4 {[%emt 0:01:15]} Nxd4 {[%emt 0:11:56]} 16. Nxd4 {[%emt 0:00:09]} Bd7 {[%emt 0:00:10]} 17. Bf4 {[%emt 0:06:16]} Rb6 {[%emt 0:00:29]} 18. Qd2 {[%emt 0:03:50]} Qc8 {[%emt 0:04:57]} 19. Bh6 {[%emt 0:08:23]} Bf5 {[%emt 0:02:16]} 20. Bxg7 {[%emt 0:04:27]} Kxg7 {[%emt 0:00:28]} 21. Qe3 {[%emt 0:02:03]} Rb8 {[%emt 0:03:54]} 22. Ra7 {[%emt 0:04:05]} Re8 {[%emt 0:01:02]} 23. Qd2 {[%emt 0:05:12]} Bxd3 {[%emt 0:02:13]} 24. Ree7 {[%emt 0:01:25]} Rxe7 {[%emt 0:07:06]} 25. Rxe7 {[%emt 0:00:02]} Rb6 {[%emt 0:00:09]} 26. Qe3 {[%emt 0:03:18]} Qg4 {[%emt 0:01:13]} 27. f3 {[%emt 0:03:33]} Qc8 {[%emt 0:01:26]} 28. Nf5+ {[%emt 0:01:20]} Qxf5 {[%emt 0:00:49]} 29. Qxb6 {[%emt 0:00:05]} Qg5 {[%emt 0:00:59]} 30. Qe3 {[%emt 0:01:31]} Qf5 {[%emt 0:02:33]} 31. g4 {[%emt 0:01:19]} Qc8 {[%emt 0:01:00]} 32. g5 {[%emt 0:00:26]} 1-0

[Event "IIFL WEALTH VI Mumbai Open 2021"]
[Site "Mumbai"]
[Date "2022.01.06"]
[Round "8.4"]
[White "Majumder Shrayan"]
[Black "Kadav Omkar"]
[Result "0-1"]
[WhiteElo "1669"]
[BlackElo "1843"]
[Annotator "NA"]
[PlyCount "92"]
[EventDate "2021.12.30"]
[EventType "swiss"]
[EventCountry "IND"]
[SourceTitle "playchess.com"]
[Source "ChessBase"]
[SourceQuality "1"]
[TimeControl "5400+30"]

1. d4 {[%emt 0:00:09]} c5 {[%emt 0:00:21]} 2. d5 {[%emt 0:00:09]} e6 {[%emt 0:01:07]} 3. c4 {[%emt 0:00:23]} Nf6 {[%emt 0:01:48]} 4. Nc3 {[%emt 0:00:13]} exd5 {[%emt 0:00:05]} 5. cxd5 {[%emt 0:00:14]} d6 {[%emt 0:00:13]} 6. e4 {[%emt 0:00:46]} g6 {[%emt 0:00:19]} 7. Nf3 {[%emt 0:01:18]} Bg7 {[%emt 0:00:15]} 8. h3 {[%emt 0:00:47]} O-O {[%emt 0:00:30]} 9. Bd3 {[%emt 0:02:35]} a6 {[%emt 0:00:28]} (9... b5 $1 $11) 10. a4 {[%emt 0:00:27]} Nh5 {[%emt 0:00:35]} 11. O-O {[%emt 0:02:45]} Nd7 {[%emt 0:00:22]} 12. g4 {[%emt 0:02:39]} Nhf6 {[%emt 0:00:23]} 13. Bf4 {[%emt 0:00:43]} Ne8 {[%emt 0:00:36]} (13... h5 $11) 14. Qc2 {[%emt 0:12:44]} (14. Qd2 $14 {is superior.}) 14... Qc7 {[%emt 0:10:45]} 15. Bg3 {[%emt 0:17:35]} c4 {[%emt 0:30:45]} 16. Be2 {[%emt 0:00:22]} f5 {[%emt 0:01:45]} 17. exf5 {[%emt 0:15:33]} gxf5 {[%emt 0:00:21]} 18. gxf5 {[%emt 0:09:56]} Nc5 {[%emt 0:01:54]} 19. Nh4 {[%emt 0:02:01]} Nb3 {[%emt 0:05:54]} 20. Rad1 {[%emt 0:03:39]} Nd4 {[%emt 0:02:34]} 21. Qe4 {[%emt 0:07:17]} Nxf5 {[%emt 0:04:09]} 22. Nxf5 {[%emt 0:00:41]} Bxf5 {[%emt 0:00:10]} 23. Qxc4 {[%emt 0:00:46]} Qxc4 {[%emt 0:01:28]} 24. Bxc4 {[%emt 0:00:09]} Bxh3 {[%emt 0:00:40]} 25. Rfe1 {[%emt 0:00:11]} Rc8 {[%emt 0:02:56]} 26. Bd3 {[%emt 0:03:05]} Bg4 {[%emt 0:09:55]} 27. Be2 {[%emt 0:02:51]} Bd7 {[%emt 0:06:38]} 28. Bd3 {[%emt 0:01:40]} Bxc3 {[%emt 0:01:24]} 29. bxc3 {[%emt 0:00:07]} Bxa4 {[%emt 0:00:28]} 30. Ra1 {[%emt 0:01:07]} Bb3 {[%emt 0:04:30]} ({Much less strong is} 30... Rxc3 31. Re3 Rxd3 32. Rxd3 $14) 31. c4 $15 {[%emt 0:04:52]} Bxc4 {[%emt 0:03:54]} 32. Rec1 {[%emt 0:00:07]} b5 {[%emt 0:02:10]} 33. Bxc4 {[%emt 0:00:21]} bxc4 {[%emt 0:03:16]} 34. Rxa6 {[%emt 0:00:11]} Nc7 {[%emt 0:01:09]} 35. Rxd6 {[%emt 0:05:15]} Nb5 {[%emt 0:00:22]} 36. Re6 {[%emt 0:03:11]} c3 {[%emt 0:01:08]} 37. Be5 {[%emt 0:00:54]} Rc5 {[%emt 0:02:30]} 38. d6 {[%emt 0:00:51]} Rd8 {[%emt 0:00:31]} 39. Re7 {[%emt 0:00:25]} Nxd6 {[%emt 0:00:44]} 40. Rg7+ {[%emt 0:00:33]} Kf8 {[%emt 0:00:14]} 41. Bf6 {[%emt 0:00:32]} Ne4 {[%emt 0:00:50]} 42. Bxd8 {[%emt 0:00:48]} Kxg7 {[%emt 0:00:08]} 43. f3 {[%emt 0:00:20]} Nd2 {[%emt 0:00:38]} 44. Bb6 {[%emt 0:00:31]} Nb3 {[%emt 0:00:56]} 45. Bxc5 {[%emt 0:00:43]} Nxc1 {[%emt 0:00:04]} 46. Kf1 {[%emt 0:00:31]} Nb3 {[%emt 0:00:50]} 0-1

[Event "IIFL WEALTH VI Mumbai Open 2021"]
[Site "Mumbai"]
[Date "2022.01.06"]
[Round "8.5"]
[White "Daksh Goyal"]
[Black "Bharadia Yash"]
[Result "1/2-1/2"]
[WhiteElo "1352"]
[BlackElo "1675"]
[Annotator "NA"]
[PlyCount "109"]
[EventDate "2021.12.30"]
[EventType "swiss"]
[EventCountry "IND"]
[SourceTitle "playchess.com"]
[Source "ChessBase"]
[SourceQuality "1"]
[TimeControl "5400+30"]

1. c4 {[%emt 0:00:08]} e5 {[%emt 0:00:04]} 2. Nc3 {[%emt 0:00:04]} Nf6 {[%emt 0:00:24]} 3. Nf3 Nc6 {[%emt 0:00:22]} 4. e3 {[%emt 0:00:08]} d5 {[%emt 0:01:10]} 5. cxd5 {[%emt 0:00:49]} Nxd5 {[%emt 0:00:05]} 6. Bb5 {[%emt 0:00:06]} Nxc3 {[%emt 0:00:35]} 7. bxc3 {[%emt 0:00:12]} Bd6 {[%emt 0:00:22]} 8. d4 {[%emt 0:00:31]} Bd7 {[%emt 0:00:46]} 9. O-O {[%emt 0:07:11]} Qe7 {[%emt 0:01:46]} 10. e4 {[%emt 0:06:35]} O-O {[%emt 0:02:01]} 11. d5 {[%emt 0:10:17]} Nd8 {[%emt 0:00:56]} 12. Bd3 {[%emt 0:02:17]} b6 {[%emt 0:01:14]} 13. Nd2 {[%emt 0:08:05]} Nb7 {[%emt 0:01:40]} 14. Nc4 {[%emt 0:03:57]} Bc5 {[%emt 0:05:25]} 15. Kh1 {[%emt 0:03:10]} Rad8 {[%emt 0:19:39]} 16. f4 {[%emt 0:06:42]} f6 {[%emt 0:00:30]} 17. Bd2 {[%emt 0:08:11]} b5 {[%emt 0:11:21]} 18. Ne3 {[%emt 0:01:36]} exf4 {[%emt 0:06:12]} 19. Rxf4 {[%emt 0:01:38]} Bd6 {[%emt 0:00:19]} 20. Rh4 {[%emt 0:08:26]} Nc5 {[%emt 0:12:18]} 21. Qc2 {[%emt 0:03:41]} f5 {[%emt 0:08:07]} 22. g3 g5 {[%emt 0:01:21]} 23. Rh5 {[%emt 0:00:50]} fxe4 {[%emt 0:00:50]} 24. Be2 {[%emt 0:00:02]} Be8 {[%emt 0:02:37]} 25. Rh6 {[%emt 0:00:02]} Bg6 {[%emt 0:01:38]} 26. Ng4 {[%emt 0:00:56]} Nd3 {[%emt 0:05:06]} 27. Bxd3 {[%emt 0:02:06]} exd3 {[%emt 0:00:09]} 28. Rxg6+ {[%emt 0:00:10]} hxg6 {[%emt 0:00:19]} 29. Qxd3 {[%emt 0:00:05]} Rde8 {[%emt 0:12:29]} 30. Qxg6+ {[%emt 0:01:51]} Qg7 {[%emt 0:00:35]} 31. Nf6+ {[%emt 0:01:35]} Rxf6 {[%emt 0:00:25]} 32. Qxe8+ {[%emt 0:00:02]} Kh7 {[%emt 0:01:20]} 33. Qxb5 {[%emt 0:07:54]} Rf2 {[%emt 0:01:27]} 34. Qd3+ {[%emt 0:01:33]} Qg6 {[%emt 0:00:25]} 35. Qxg6+ {[%emt 0:01:49]} Kxg6 {[%emt 0:00:01]} 36. Be3 {[%emt 0:00:34]} Rf7 {[%emt 0:01:38]} 37. Bd4 {[%emt 0:02:28]} a6 {[%emt 0:00:44]} 38. c4 {[%emt 0:00:31]} Rf3 {[%emt 0:00:58]} 39. c5 {[%emt 0:01:19]} Be7 {[%emt 0:00:24]} 40. Rd1 {[%emt 0:02:20]} Rf5 {[%emt 0:01:13]} 41. Bg1 {[%emt 0:00:44]} Kf7 {[%emt 0:00:41]} 42. Kg2 {[%emt 0:00:33]} g4 {[%emt 0:00:40]} 43. Be3 {[%emt 0:00:56]} Rf3 {[%emt 0:00:41]} 44. Bg1 {[%emt 0:02:01]} Rc3 {[%emt 0:00:21]} 45. Rf1+ {[%emt 0:02:44]} Ke8 {[%emt 0:00:21]} 46. c6 {[%emt 0:01:01]} Rd3 {[%emt 0:00:26]} 47. Rf5 {[%emt 0:00:58]} Rd2+ {[%emt 0:00:58]} 48. Rf2 {[%emt 0:02:11]} Rxd5 {[%emt 0:00:20]} 49. Rf4 {[%emt 0:00:15]} Rd2+ {[%emt 0:00:35]} 50. Bf2 {[%emt 0:00:19]} Rxa2 {[%emt 0:00:24]} 51. Rxg4 {[%emt 0:01:02]} Rc2 {[%emt 0:00:01]} 52. Rf4 {[%emt 0:01:32]} Bc5 {[%emt 0:00:44]} 53. Kf1 {[%emt 0:00:06]} Bxf2 {[%emt 0:00:33]} 54. Rxf2 {[%emt 0:00:16]} Rxc6 {[%emt 0:00:01]} 55. Kg2 {[%emt 0:01:55]} 1/2-1/2

[Event "IIFL WEALTH VI Mumbai Open 2021"]
[Site "Mumbai"]
[Date "2022.01.07"]
[Round "9.1"]
[White "Krishnan Ritvik"]
[Black "Adireddy Arjun"]
[Result "0-1"]
[WhiteElo "1750"]
[BlackElo "1658"]
[Annotator "NA RC"]
[PlyCount "88"]
[EventDate "2021.12.30"]
[EventType "swiss"]
[EventCountry "IND"]
[SourceTitle "playchess.com"]
[Source "ChessBase"]
[SourceQuality "1"]
[TimeControl "5400+30"]

1. e4 c5 2. Nf3 d6 3. d4 cxd4 4. Nxd4 Nf6 5. Nc3 a6 6. h3 e6 7. g4 h6 8. Be3 Nc6 9. Bg2 Be7 10. Qe2 Nd7 11. O-O-O Qc7 12. f4 g5 13. f5 Nde5 14. Rhf1 Bd7 15. Nb3 b5 16. Qf2 Rb8 17. Kb1 Rf8 18. f6 Bd8 19. Nd4 Rg8 20. Qe1 Nxd4 21. Bxd4 Rg6 22. h4 Rxf6 23. hxg5 Rxf1 24. Qxf1 Bxg5 25. Qf2 b4 26. Ne2 Nxg4 27. Qg3 e5 28. Bh3 h5 29. Bg1 f5 30. Qf3 f4 31. Qb3 Ke7 32. Ka1 a5 33. Qd3 Be6 34. Qd2 Rg8 35. Qd3 Rd8 36. Kb1 Qc4 37. Nc1 Qxd3 38. Nxd3 Nf6 39. Bxe6 Kxe6 40. Nc5+ Ke7 41. Nb7 Rd7 42. Nxa5 Nxe4 43. Nc6+ Ke6 44. Nxb4 f3 0-1

[Event "IIFL WEALTH VI Mumbai Open 2021"]
[Site "Mumbai"]
[Date "2022.01.07"]
[Round "9.2"]
[White "Rachit H Gurnani"]
[Black "Kulkarni, Vikramaditya"]
[Result "1-0"]
[WhiteElo "1840"]
[BlackElo "2327"]
[Annotator "TA"]
[PlyCount "72"]
[EventDate "2021.12.30"]
[EventType "swiss"]
[EventCountry "IND"]
[SourceTitle "playchess.com"]
[Source "ChessBase"]
[SourceQuality "1"]

{[%evp 9,72,43,46,42,46,39,28,29,37,32,44,42,58,49,48,57,56,52,53,-8,64,55,58,51,55,12,4,-49,-76,-275,-268,-289,-194,-215,-151,-168,-94,-149,-116,-125,-15,-34,12,-224,0,0,-7,-159,-158,-156,-138,-145,-189,-210,58,-46,-48,-307,-319,-860,-829,-849,-192,-192,970]} 1. e4 d6 2. d4 Nf6 3. Nc3 c6 4. a4 e5 5. Nf3 Qc7 6. h3 {B07: Pirc Defence: Miscellaneous Systems.} Be7 7. Bd3 {[#]} b6 $146 ({Predecessor:} 7... O-O 8. O-O Nbd7 9. a5 Rb8 10. Be3 b5 11. axb6 axb6 12. Qe2 Bb7 13. Ra7 Ra8 {1-0 (42) Migliorini,M (2098)-Damia,A (2289) Lignano Sabbiadoro 2020}) 8. O-O {White has an edge.} a6 9. Re1 Nbd7 10. Ne2 exd4 11. Nfxd4 g6 {To avoid Nf5} 12. b3 Bb7 13. Bb2 Ne5 14. Nc3 (14. Ng3 $14) 14... Nxd3 (14... O-O $11) 15. cxd3 O-O 16. Qd2 {[%cal Od4f5]} (16. Qc1 $5 {[%cal Rd4f5]}) 16... Ne8 17. Qh6 (17. Nd1 $14 {should be considered.}) 17... Bf6 $11 18. Nf5 Qd8 $1 $15 19. h4 {To avoid Bg5} gxf5 $19 20. Re3 Bg7 21. Rg3 f6 22. exf5 d5 (22... Kh8 $19 23. Rxg7 Nxg7) 23. Re1 (23. Ne2 $142) 23... Kh8 24. Qh5 Qd7 (24... c5 $17 {White must now prevent ...d4.} 25. Ne2 Qe7) 25. Ne2 $11 {[%cal Oa4a5]} Qf7 (25... Qc7 $15 {might be stronger.}) 26. Qg4 $2 (26. Nf4 $1 $11 {and White is okay.} Qxh5 27. Nxh5) 26... Nd6 $2 (26... Bh6 $1 $19 {And now ...Ng7 would win.} 27. Nd4 Ng7) 27. Nf4 {Threatens to win with Re6.} Bc8 {To avoid Re6} 28. Re6 $2 Bxe6 $17 29. fxe6 Qe7 30. Qh5 {Prevents Bh6. Ng6+ would kill now.} Kg8 31. Ba3 c5 $2 ({Better is} 31... Ra7 $1 $19 {Strongly threatening ...a5.} 32. Qg4 Re8) 32. Qxd5 (32. a5 $1 $14) 32... Rad8 {[%cal Od6b5] Hoping for ...Nb5!} 33. h5 $2 {[%mdl 8192] [#]} ({White should try} 33. Bb2 $15) 33... Kh8 $1 $19 ({Stronger than} 33... Nb5 34. Qe4 Nd6 {[#]} 35. Nd5 $1 {[%mdl 512]} Nxe4 36. Nxe7+ Kh8 37. dxe4 $15) 34. Ng6+ $2 (34. Bc1) 34... hxg6 35. hxg6 Bh6 $2 (35... f5 36. Qf3 Kg8) 36. Bc1 Nf7 $4 {[%mdl 8192] Weighted Error Value: White=0.64/Black=0.56} 1-0